Public health adminsitrtion (Record no. 345611)

000 -LEADER
fixed length control field 00337cam a22001217a 4500
008 - FIXED-LENGTH DATA ELEMENTS--GENERAL INFORMATION
fixed length control field 180718b1984 xxu||||| |||| 00| 0 eng d
082 ## - DEWEY DECIMAL CLASSIFICATION NUMBER
Classification number O00x54 G552
100 ## - MAIN ENTRY--PERSONAL NAME
Personal name Goel, S.L.
245 ## - TITLE STATEMENT
Title Public health adminsitrtion
Statement of responsibility, etc. by S.L. Goel
260 ## - PUBLICATION, DISTRIBUTION, ETC.
Place of publication, distribution, etc. Delhi
Name of publisher, distributor, etc. Sterling
Date of publication, distribution, etc. 1984
300 ## - PHYSICAL DESCRIPTION
Extent 472p.
650 ## - SUBJECT ADDED ENTRY--TOPICAL TERM
Topical term or geographic name entry element Public Health - Administration - India
Holdings
Withdrawn status Lost status Damaged status Not for loan Permanent Location Current Location Date acquired Full call number Barcode Date last seen Price effective from Koha item type
        Indian Institute of Public Administration Indian Institute of Public Administration 2006-08-10 O00x54 G552 60956 2018-07-21 2018-07-21 Book

Powered by Koha